| 000 | 00841cac a22002291u 4500 | ||
|---|---|---|---|
| 090 | _c6948 | ||
| 008 | 081105t2005 xxu||||| |||| 00| 0 eng d | ||
| 010 | _a2006365107 | ||
| 020 | _a1851683798 | ||
| 035 | _a(CaONFJC)ct4466936 | ||
| 082 | 0 | 0 |
_a150 _bMOG |
| 100 | _aMoghaddam, Fathali M. | ||
| 245 | 1 | 0 |
_aGreat ideas in psychology : _ba cultural and historical introduction / _cFathali M. Moghaddam. |
| 260 |
_aOxford : _bOneworld, _cc2005. |
||
| 300 |
_axii, 340 p. ; _c23 cm. |
||
| 500 | _aDistributer: Al-Ahram. | ||
| 504 | _aIncludes bibliographical references and index. | ||
| 511 | _aCatalogued By: Mahitab. | ||
| 650 | 0 |
_aPsychology _vTextbooks. |
|
| 942 |
_cBB _k150MOG _2ddc |
||
| 999 |
_c6948 _d6948 |
||